000 01236nam a2200313 ia4500
005 20260415161335.0
008 260415t20252025my ao br 000 0 eng d
020 _a9786294981232
_cRM24.95
_qpaperback
040 _aPPAK
_beng
_cPPAK
_erda
082 0 4 _223
_a006.3076
090 0 0 _a006.3076
_bART
_dK
245 0 0 _aAI :
_bArtificial Intelligence.
_nBook 3,
_pLower Secondary /
_cEDITOR-IN-CHIEF: Wang Wanliang ; Edited by Melvin Lim
246 3 3 _aArtificial intelligence
264 1 _aJohor Bahru, Johor :
_bPenerbitan Pelangi Sdn. Bhd.,
_c2025
264 4 _c©2025
300 _aviii, 124 pages :
_bcolour illustrations, colour photographs ;
_c26 cm +
_e1 activity book
336 _atext
_2rdacontent
337 _aunmediated
_2rdamedia
338 _avolume
_2rdacarrier
500 _aIncludes Activity Book.
500 _aIncludes questions and exercises.
521 2 _aLower Secondary Recommended for form 1,2 & 3.
650 1 0 _aArtificial intelligence
_vProblems, exercises, etc.
650 2 0 _aArtificial intelligence
_xStudy and teaching (Secondary)
650 2 0 _aEducation, Secondary
700 1 _aWang, Wanliang,
_eeditor.
700 1 _aLim, Melvin,
_eeditor.
942 _2ddc
_cB
999 _c203874
_d203874